| 000 | 00620nam a2200229 a 4500 | ||
|---|---|---|---|
| 005 | 20210219152938.0 | ||
| 008 | 991125n 000 0 spa u | ||
| 035 | _aUPN01000068136 | ||
| 100 | _aFasheh, Munir | ||
| 222 | _RHARVARD EDUCATIONAL REVIEW | ||
| 245 | _aCommunity education : to reclaim and transform what has been made invisible | ||
| 260 | _aMassachusetts, EUA | ||
| 300 | _a19-35 | ||
| 362 | 0 | _a1990 Vol. 60, no. 1, feb. | |
| 653 | 0 | _aEDUCACION COMUNITARIA | |
| 653 | 0 | _aGUERRA | |
| 653 | 0 | _aIDEOLOGIA | |
| 653 | 0 | _aISRAEL | |
| 653 | 0 | _aPALESTINA | |
| 904 |
_aAC _b005947 |
||
| 905 | _aArticulo | ||
| 999 |
_c64368 _d64368 |
||